Die teuersten Fußballtransfers - Rechter Verteidiger - 2023-2024 - Statistiken

Allgemein
  • Dieses Quiz wurde 24 mal gespielt
  • Das Durchschnittsergebnis liegt bei 5 aus 10
Antwortstatistiken
Ablöse (M €) Nationalität Abgebender Verein Aufnehmender Verein Spieler % Korrekt
30,00 Frankreich Galatasaray Bayern München Sacha Boey
100%
40,00 Spanien Sporting Tottenham Pedro Porro
86%
12,20 Dänemark Atalanta Bergamo VfL Wolfsburg Joakim Maehle
76%
13,00 Belgien Leicester City FC Fulham Timothy Castagne
62%
37,20 England Southampton NewcastleUnited Tino Livramento
52%
9,10 Elfenbeinküste FC Turin AS Monaco Wilfried Singo
38%
8,00 Kolumbien KRC Genk Crystal Palace Daniel Muñoz
24%
9,00 Spanien Real Valladolid Sporting Iván Fresneda
24%
8,10 England Norwich City Bournemouth Max Aarons
10%
10,25 Mexiko CF Pachuca CF América Kevin Álvarez
0%
Keine übereinstimmenden Quizze gefunden
Verteilung der Resultate
Anzahl Personen mit jedem Resultat
Perzentil nach korrekt beantworteten Fragen
Ihre Resultats-Entwicklung
Sie haben dieses Quiz noch nicht gespielt